000 00736npm a2200217 i 4500
001 5141
003 ES-MaACL
005 20251005063027.0
007 hzrazu bucu
008 900418r19901855xxk a 00010 eng d
080 _a91.02(46)
100 1 _aFord, Richard,
_d1796-1858
_9138801
245 1 2 _aA Handbook for travellers in Spain
_b: [Microforma] /
_cRichard Ford.
260 _aMadrid :
_bAteneo Cientifico, Literario y Artistico,
_c1990.
300 _a1 carrete de microfilme :
_bnegativo ;
_c16 mm.
500 _aPublicado originalmente: London, William Cloves and sons, 1855, 2 v.
650 1 4 _aObras de 1800.
_915662
852 _aES-MaACL
_jMC-47
_95258
942 _2udc
_cMICROFORMA
999 _c5141
_d5141